| 000 | 00725nam a2200265Ia 4500 | ||
|---|---|---|---|
| 003 | OSt | ||
| 005 | 20221007110921.0 | ||
| 006 | a|||||r|||| 00| 0 | ||
| 007 | ta | ||
| 008 | 221006b |||||||| |||| 00| 0 eng d | ||
| 024 | _a22,141 | ||
| 037 | _cTextual | ||
| 040 |
_aLCO _cLCO _beng |
||
| 041 |
_2eng _aeng |
||
| 082 | _aX7295qN62, M6 | ||
| 100 | _aRoy S.R. | ||
| 245 | 0 | _aCustoms Act | |
| 250 | _a2nd | ||
| 260 |
_aCalcutta _bKamal Law House India _c1986 |
||
| 300 | _avarious | ||
| 500 | _aRules, Regulations & Notifications; Including COFEPOSA Act and Import Export Control Act | ||
| 650 |
_aCUSTOMS _9701754 |
||
| 942 |
_hX7295qN62, M6 _cTEXL |
||
| 999 |
_c1191704 _d1191704 |
||